<?xml version="1.0" encoding="UTF-8"?>
<record
    xmlns:xsi="http://www.w3.org/2001/XMLSchema-instance"
    xsi:schemaLocation="http://www.loc.gov/MARC21/slim http://www.loc.gov/standards/marcxml/schema/MARC21slim.xsd"
    xmlns="http://www.loc.gov/MARC21/slim">

  <leader>01327nas a2200265 454500</leader>
  <controlfield tag="001">29620</controlfield>
  <controlfield tag="005">20260407193508.0</controlfield>
  <controlfield tag="008">260407s1984####ag###########|||spa#d</controlfield>
  <controlfield tag="003">AR-UNSa-BCEJYS</controlfield>
  <datafield tag="040" ind1=" " ind2=" ">
    <subfield code="a">AR-UNSa-BCEJYS</subfield>
    <subfield code="b">spa</subfield>
    <subfield code="c">AR-UNSa-BCEJYS</subfield>
  </datafield>
  <datafield tag="080" ind1=" " ind2=" ">
    <subfield code="a">657-051</subfield>
    <subfield code="x">Profesional en Ciencias Econ&#xF3;micas (Contador...)</subfield>
  </datafield>
  <datafield tag="245" ind1="1" ind2="0">
    <subfield code="a">Revista de la Federaci&#xF3;n Argentina de Consejos Profesionales de Ciencias Econ&#xF3;micas</subfield>
  </datafield>
  <datafield tag="264" ind1=" " ind2="1">
    <subfield code="a">Buenos Aires :</subfield>
    <subfield code="b">FACPCE (Federaci&#xF3;n Argentina de Consejos Profesionales de Ciencias Econ&#xF3;micas)</subfield>
    <subfield code="c">1984</subfield>
  </datafield>
  <datafield tag="310" ind1=" " ind2=" ">
    <subfield code="a">Frecuencia: Trimestral
A partir del cambio de t&#xED;tulo en la publicaci&#xF3;n "Bolet&#xED;n FACPCE", la frecuencia es irregular
A partir del N&#xBA; 9 Cambia de t&#xED;tulo por "Temas"
A partir del a&#xF1;o 1998 cambia de t&#xED;tulo por "Bolet&#xED;n FACPCE"
A partir del a&#xF1;o 2007 cambia de t&#xED;tulo por "Imagen Profesional"</subfield>
  </datafield>
  <datafield tag="041" ind1=" " ind2=" ">
    <subfield code="a">spa</subfield>
  </datafield>
  <datafield tag="942" ind1=" " ind2=" ">
    <subfield code="c">SER</subfield>
  </datafield>
  <datafield tag="590" ind1=" " ind2=" ">
    <subfield code="a">niveau_biblio:s niveau_hierar:1</subfield>
  </datafield>
  <datafield tag="100" ind1="1" ind2=" ">
    <subfield code="a">Federaci&#xF3;n Argentina de Consejos Profesionales de Ciencias Econ&#xF3;micas (FACPCE)</subfield>
  </datafield>
  <datafield tag="700" ind1="1" ind2=" ">
    <subfield code="a">Irizar, Ignacio</subfield>
  </datafield>
  <datafield tag="650" ind1=" " ind2=" ">
    <subfield code="a">CONTABILIDAD</subfield>
  </datafield>
  <datafield tag="650" ind1=" " ind2=" ">
    <subfield code="a">Formaci&#xF3;n profesional</subfield>
  </datafield>
  <datafield tag="650" ind1=" " ind2=" ">
    <subfield code="a">Normas Contables</subfield>
  </datafield>
  <datafield tag="650" ind1=" " ind2=" ">
    <subfield code="a">PROFESIONALES DE CIENCIAS ECONOMICAS</subfield>
  </datafield>
  <datafield tag="856" ind1="4" ind2="1">
    <subfield code="u">https://biblioeco.unsa.edu.ar/pmb/images/revistas/FACPCE-r14335.jpg</subfield>
    <subfield code="y">Imagen de portada</subfield>
    <subfield code="q">image/jpeg</subfield>
  </datafield>
  <datafield tag="999" ind1=" " ind2=" ">
    <subfield code="c">8672</subfield>
    <subfield code="d">8672</subfield>
  </datafield>
  <datafield tag="952" ind1=" " ind2=" ">
    <subfield code="0">0</subfield>
    <subfield code="1">0</subfield>
    <subfield code="4">0</subfield>
    <subfield code="7">0</subfield>
    <subfield code="a">BCEJYS</subfield>
    <subfield code="b">BCEJYS</subfield>
    <subfield code="c">17</subfield>
    <subfield code="d">2010-05-01</subfield>
    <subfield code="h">A&#xF1;o XX, N&#xBA; 72 - mayo 2010</subfield>
    <subfield code="l">0</subfield>
    <subfield code="o">H657-051 TEM 72</subfield>
    <subfield code="p">R14467</subfield>
    <subfield code="r">2026-04-10 16:08:50</subfield>
    <subfield code="w">2026-04-10</subfield>
    <subfield code="y">RN</subfield>
  </datafield>
  <datafield tag="952" ind1=" " ind2=" ">
    <subfield code="0">0</subfield>
    <subfield code="1">0</subfield>
    <subfield code="4">0</subfield>
    <subfield code="7">0</subfield>
    <subfield code="a">BCEJYS</subfield>
    <subfield code="b">BCEJYS</subfield>
    <subfield code="c">17</subfield>
    <subfield code="d">2009-08-01</subfield>
    <subfield code="h">A&#xF1;o XX, N&#xBA; 70 - ago. 2009</subfield>
    <subfield code="l">0</subfield>
    <subfield code="o">H657-051 TEM 70</subfield>
    <subfield code="p">R14466</subfield>
    <subfield code="r">2026-04-10 16:08:50</subfield>
    <subfield code="w">2026-04-10</subfield>
    <subfield code="y">RN</subfield>
  </datafield>
  <datafield tag="952" ind1=" " ind2=" ">
    <subfield code="0">0</subfield>
    <subfield code="1">0</subfield>
    <subfield code="4">0</subfield>
    <subfield code="7">0</subfield>
    <subfield code="a">BCEJYS</subfield>
    <subfield code="b">BCEJYS</subfield>
    <subfield code="c">17</subfield>
    <subfield code="d">2009-05-01</subfield>
    <subfield code="h">A&#xF1;o XX, N&#xBA; 69 - mayo 2009</subfield>
    <subfield code="l">0</subfield>
    <subfield code="o">H657-051 TEM 69</subfield>
    <subfield code="p">R14465</subfield>
    <subfield code="r">2026-04-10 16:08:50</subfield>
    <subfield code="w">2026-04-10</subfield>
    <subfield code="y">RN</subfield>
  </datafield>
  <datafield tag="952" ind1=" " ind2=" ">
    <subfield code="0">0</subfield>
    <subfield code="1">0</subfield>
    <subfield code="4">0</subfield>
    <subfield code="7">0</subfield>
    <subfield code="a">BCEJYS</subfield>
    <subfield code="b">BCEJYS</subfield>
    <subfield code="c">17</subfield>
    <subfield code="d">2007-06-01</subfield>
    <subfield code="h">A&#xF1;o XVIII, N&#xBA; 64 - jun. 2007</subfield>
    <subfield code="l">0</subfield>
    <subfield code="o">H657-051 TEM 64</subfield>
    <subfield code="p">R14464</subfield>
    <subfield code="r">2026-04-10 16:08:50</subfield>
    <subfield code="w">2026-04-10</subfield>
    <subfield code="y">RN</subfield>
  </datafield>
  <datafield tag="952" ind1=" " ind2=" ">
    <subfield code="0">0</subfield>
    <subfield code="1">0</subfield>
    <subfield code="4">0</subfield>
    <subfield code="7">0</subfield>
    <subfield code="a">BCEJYS</subfield>
    <subfield code="b">BCEJYS</subfield>
    <subfield code="c">17</subfield>
    <subfield code="d">2003-08-01</subfield>
    <subfield code="h">A&#xF1;o XIV, N&#xBA; 48 - ago. 2003</subfield>
    <subfield code="l">0</subfield>
    <subfield code="o">H657-051 TEM 48</subfield>
    <subfield code="p">R14463</subfield>
    <subfield code="r">2026-04-10 16:08:50</subfield>
    <subfield code="w">2026-04-10</subfield>
    <subfield code="y">RN</subfield>
  </datafield>
  <datafield tag="952" ind1=" " ind2=" ">
    <subfield code="0">0</subfield>
    <subfield code="1">0</subfield>
    <subfield code="4">0</subfield>
    <subfield code="7">0</subfield>
    <subfield code="a">BCEJYS</subfield>
    <subfield code="b">BCEJYS</subfield>
    <subfield code="c">17</subfield>
    <subfield code="d">2003-06-01</subfield>
    <subfield code="h">A&#xF1;o XIV, N&#xBA; 47 - jun. 2003</subfield>
    <subfield code="l">0</subfield>
    <subfield code="o">H657-051 TEM 47</subfield>
    <subfield code="p">R14462</subfield>
    <subfield code="r">2026-04-10 16:08:50</subfield>
    <subfield code="w">2026-04-10</subfield>
    <subfield code="y">RN</subfield>
  </datafield>
  <datafield tag="952" ind1=" " ind2=" ">
    <subfield code="0">0</subfield>
    <subfield code="1">0</subfield>
    <subfield code="4">0</subfield>
    <subfield code="7">0</subfield>
    <subfield code="a">BCEJYS</subfield>
    <subfield code="b">BCEJYS</subfield>
    <subfield code="c">17</subfield>
    <subfield code="d">2003-04-01</subfield>
    <subfield code="h">A&#xF1;o XIV, N&#xBA; 46 - abr. 2003</subfield>
    <subfield code="l">0</subfield>
    <subfield code="o">H657-051 TEM 46</subfield>
    <subfield code="p">R14461</subfield>
    <subfield code="r">2026-04-10 16:08:50</subfield>
    <subfield code="w">2026-04-10</subfield>
    <subfield code="y">RN</subfield>
  </datafield>
  <datafield tag="952" ind1=" " ind2=" ">
    <subfield code="0">0</subfield>
    <subfield code="1">0</subfield>
    <subfield code="4">0</subfield>
    <subfield code="7">0</subfield>
    <subfield code="a">BCEJYS</subfield>
    <subfield code="b">BCEJYS</subfield>
    <subfield code="c">17</subfield>
    <subfield code="d">2002-08-01</subfield>
    <subfield code="h">A&#xF1;o XIII, N&#xBA; 43 - ago. 2002</subfield>
    <subfield code="l">0</subfield>
    <subfield code="o">H657-051 TEM 43</subfield>
    <subfield code="p">R14460</subfield>
    <subfield code="r">2026-04-10 16:08:50</subfield>
    <subfield code="w">2026-04-10</subfield>
    <subfield code="y">RN</subfield>
  </datafield>
  <datafield tag="952" ind1=" " ind2=" ">
    <subfield code="0">0</subfield>
    <subfield code="1">0</subfield>
    <subfield code="4">0</subfield>
    <subfield code="7">0</subfield>
    <subfield code="a">BCEJYS</subfield>
    <subfield code="b">BCEJYS</subfield>
    <subfield code="c">17</subfield>
    <subfield code="d">2002-04-01</subfield>
    <subfield code="h">A&#xF1;o XIII, N&#xBA; 41 - abr. 2002</subfield>
    <subfield code="l">0</subfield>
    <subfield code="o">H657-051 TEM 41</subfield>
    <subfield code="p">R14459</subfield>
    <subfield code="r">2026-04-10 16:08:50</subfield>
    <subfield code="w">2026-04-10</subfield>
    <subfield code="y">RN</subfield>
  </datafield>
  <datafield tag="952" ind1=" " ind2=" ">
    <subfield code="0">0</subfield>
    <subfield code="1">0</subfield>
    <subfield code="4">0</subfield>
    <subfield code="7">0</subfield>
    <subfield code="a">BCEJYS</subfield>
    <subfield code="b">BCEJYS</subfield>
    <subfield code="c">17</subfield>
    <subfield code="d">2001-12-01</subfield>
    <subfield code="h">A&#xF1;o XII, N&#xBA; 40 - dic. 2001</subfield>
    <subfield code="l">0</subfield>
    <subfield code="o">H657-051 TEM 40</subfield>
    <subfield code="p">R14458</subfield>
    <subfield code="r">2026-04-10 16:08:50</subfield>
    <subfield code="w">2026-04-10</subfield>
    <subfield code="y">RN</subfield>
  </datafield>
  <datafield tag="952" ind1=" " ind2=" ">
    <subfield code="0">0</subfield>
    <subfield code="1">0</subfield>
    <subfield code="4">0</subfield>
    <subfield code="7">0</subfield>
    <subfield code="a">BCEJYS</subfield>
    <subfield code="b">BCEJYS</subfield>
    <subfield code="c">17</subfield>
    <subfield code="d">2001-10-01</subfield>
    <subfield code="h">A&#xF1;o XII, N&#xBA; 39 - oct. 2001</subfield>
    <subfield code="l">0</subfield>
    <subfield code="o">H657-051 TEM 39</subfield>
    <subfield code="p">R14457</subfield>
    <subfield code="r">2026-04-10 16:08:50</subfield>
    <subfield code="w">2026-04-10</subfield>
    <subfield code="y">RN</subfield>
  </datafield>
  <datafield tag="952" ind1=" " ind2=" ">
    <subfield code="0">0</subfield>
    <subfield code="1">0</subfield>
    <subfield code="4">0</subfield>
    <subfield code="7">0</subfield>
    <subfield code="a">BCEJYS</subfield>
    <subfield code="b">BCEJYS</subfield>
    <subfield code="c">17</subfield>
    <subfield code="d">1998-05-01</subfield>
    <subfield code="h">A&#xF1;o IX, N&#xBA; 21 - mayo 1998</subfield>
    <subfield code="l">0</subfield>
    <subfield code="o">H657-051 TEM 21</subfield>
    <subfield code="p">R14456</subfield>
    <subfield code="r">2026-04-10 16:08:50</subfield>
    <subfield code="w">2026-04-10</subfield>
    <subfield code="y">RN</subfield>
  </datafield>
  <datafield tag="952" ind1=" " ind2=" ">
    <subfield code="0">0</subfield>
    <subfield code="1">0</subfield>
    <subfield code="4">0</subfield>
    <subfield code="7">0</subfield>
    <subfield code="a">BCEJYS</subfield>
    <subfield code="b">BCEJYS</subfield>
    <subfield code="c">17</subfield>
    <subfield code="d">1988-01-01</subfield>
    <subfield code="h">A&#xF1;o IV, N&#xBA; 13 - ene./mar. 1988</subfield>
    <subfield code="l">0</subfield>
    <subfield code="o">H657-051 TEM 13</subfield>
    <subfield code="p">R14311</subfield>
    <subfield code="r">2026-04-10 16:08:50</subfield>
    <subfield code="w">2026-04-10</subfield>
    <subfield code="y">RN</subfield>
  </datafield>
  <datafield tag="952" ind1=" " ind2=" ">
    <subfield code="0">0</subfield>
    <subfield code="1">0</subfield>
    <subfield code="4">0</subfield>
    <subfield code="7">0</subfield>
    <subfield code="a">BCEJYS</subfield>
    <subfield code="b">BCEJYS</subfield>
    <subfield code="c">17</subfield>
    <subfield code="d">1987-10-01</subfield>
    <subfield code="h">A&#xF1;o IV, N&#xBA; 12 - oct./dic. 1987</subfield>
    <subfield code="l">0</subfield>
    <subfield code="o">H657-051 TEM 12</subfield>
    <subfield code="p">R14310</subfield>
    <subfield code="r">2026-04-10 16:08:50</subfield>
    <subfield code="w">2026-04-10</subfield>
    <subfield code="y">RN</subfield>
  </datafield>
  <datafield tag="952" ind1=" " ind2=" ">
    <subfield code="0">0</subfield>
    <subfield code="1">0</subfield>
    <subfield code="4">0</subfield>
    <subfield code="7">0</subfield>
    <subfield code="a">BCEJYS</subfield>
    <subfield code="b">BCEJYS</subfield>
    <subfield code="c">17</subfield>
    <subfield code="d">1987-07-01</subfield>
    <subfield code="h">A&#xF1;o IV, N&#xBA; 11 - jul./sep. 1987</subfield>
    <subfield code="l">0</subfield>
    <subfield code="o">H657-051 TEM 11</subfield>
    <subfield code="p">R14309</subfield>
    <subfield code="r">2026-04-10 16:08:50</subfield>
    <subfield code="w">2026-04-10</subfield>
    <subfield code="y">RN</subfield>
  </datafield>
  <datafield tag="952" ind1=" " ind2=" ">
    <subfield code="0">0</subfield>
    <subfield code="1">0</subfield>
    <subfield code="4">0</subfield>
    <subfield code="7">0</subfield>
    <subfield code="a">BCEJYS</subfield>
    <subfield code="b">BCEJYS</subfield>
    <subfield code="c">17</subfield>
    <subfield code="d">1987-04-01</subfield>
    <subfield code="h">A&#xF1;o IV, N&#xBA; 10 - abr./jun. 1987</subfield>
    <subfield code="l">0</subfield>
    <subfield code="o">H657-051 TEM 10</subfield>
    <subfield code="p">R14308</subfield>
    <subfield code="r">2026-04-10 16:08:50</subfield>
    <subfield code="w">2026-04-10</subfield>
    <subfield code="y">RN</subfield>
  </datafield>
  <datafield tag="952" ind1=" " ind2=" ">
    <subfield code="0">0</subfield>
    <subfield code="1">0</subfield>
    <subfield code="4">0</subfield>
    <subfield code="7">0</subfield>
    <subfield code="a">BCEJYS</subfield>
    <subfield code="b">BCEJYS</subfield>
    <subfield code="c">17</subfield>
    <subfield code="d">1987-01-01</subfield>
    <subfield code="h">A&#xF1;o III, N&#xBA; 9 - ene./mar. 1987</subfield>
    <subfield code="l">0</subfield>
    <subfield code="o">H657-051 TEM 9</subfield>
    <subfield code="p">R14302</subfield>
    <subfield code="r">2026-04-10 16:08:50</subfield>
    <subfield code="w">2026-04-10</subfield>
    <subfield code="y">RN</subfield>
  </datafield>
  <datafield tag="952" ind1=" " ind2=" ">
    <subfield code="0">0</subfield>
    <subfield code="1">0</subfield>
    <subfield code="4">0</subfield>
    <subfield code="7">0</subfield>
    <subfield code="a">BCEJYS</subfield>
    <subfield code="b">BCEJYS</subfield>
    <subfield code="c">17</subfield>
    <subfield code="d">1986-05-01</subfield>
    <subfield code="h">A&#xF1;o III, N&#xBA; 8 - mayo/ago. 1986</subfield>
    <subfield code="l">0</subfield>
    <subfield code="o">H657-051 TEM 8</subfield>
    <subfield code="p">R14339</subfield>
    <subfield code="r">2026-04-10 16:08:50</subfield>
    <subfield code="w">2026-04-10</subfield>
    <subfield code="y">RN</subfield>
  </datafield>
  <datafield tag="952" ind1=" " ind2=" ">
    <subfield code="0">0</subfield>
    <subfield code="1">0</subfield>
    <subfield code="4">0</subfield>
    <subfield code="7">0</subfield>
    <subfield code="a">BCEJYS</subfield>
    <subfield code="b">BCEJYS</subfield>
    <subfield code="c">17</subfield>
    <subfield code="d">1986-01-01</subfield>
    <subfield code="h">A&#xF1;o II, N&#xBA; 7 - ene./abr. 1986</subfield>
    <subfield code="l">0</subfield>
    <subfield code="o">H657-051 TEM 7</subfield>
    <subfield code="p">R14338</subfield>
    <subfield code="r">2026-04-10 16:08:50</subfield>
    <subfield code="w">2026-04-10</subfield>
    <subfield code="y">RN</subfield>
  </datafield>
  <datafield tag="952" ind1=" " ind2=" ">
    <subfield code="0">0</subfield>
    <subfield code="1">0</subfield>
    <subfield code="4">0</subfield>
    <subfield code="7">0</subfield>
    <subfield code="a">BCEJYS</subfield>
    <subfield code="b">BCEJYS</subfield>
    <subfield code="c">17</subfield>
    <subfield code="d">1985-09-01</subfield>
    <subfield code="h">A&#xF1;o II, N&#xBA; 6 - sep./dic. 1985</subfield>
    <subfield code="l">0</subfield>
    <subfield code="o">H657-051 TEM 6</subfield>
    <subfield code="p">R14337</subfield>
    <subfield code="r">2026-04-10 16:08:50</subfield>
    <subfield code="w">2026-04-10</subfield>
    <subfield code="y">RN</subfield>
  </datafield>
  <datafield tag="952" ind1=" " ind2=" ">
    <subfield code="0">0</subfield>
    <subfield code="1">0</subfield>
    <subfield code="4">0</subfield>
    <subfield code="7">0</subfield>
    <subfield code="a">BCEJYS</subfield>
    <subfield code="b">BCEJYS</subfield>
    <subfield code="c">17</subfield>
    <subfield code="d">1985-05-01</subfield>
    <subfield code="h">A&#xF1;o II, N&#xBA; 5 - mayo/ago. 1985</subfield>
    <subfield code="l">0</subfield>
    <subfield code="o">H657-051 TEM 5</subfield>
    <subfield code="p">R14336</subfield>
    <subfield code="r">2026-04-10 16:08:50</subfield>
    <subfield code="w">2026-04-10</subfield>
    <subfield code="y">RN</subfield>
  </datafield>
  <datafield tag="952" ind1=" " ind2=" ">
    <subfield code="0">0</subfield>
    <subfield code="1">0</subfield>
    <subfield code="4">0</subfield>
    <subfield code="7">0</subfield>
    <subfield code="a">BCEJYS</subfield>
    <subfield code="b">BCEJYS</subfield>
    <subfield code="c">17</subfield>
    <subfield code="d">1985-01-01</subfield>
    <subfield code="h">A&#xF1;o II, N&#xBA; 4 - ene./abr. 1985</subfield>
    <subfield code="l">0</subfield>
    <subfield code="o">H657-051 TEM 4</subfield>
    <subfield code="p">R14335</subfield>
    <subfield code="r">2026-04-10 16:08:50</subfield>
    <subfield code="w">2026-04-10</subfield>
    <subfield code="y">RN</subfield>
  </datafield>
  <datafield tag="952" ind1=" " ind2=" ">
    <subfield code="0">0</subfield>
    <subfield code="1">0</subfield>
    <subfield code="4">0</subfield>
    <subfield code="7">0</subfield>
    <subfield code="a">BCEJYS</subfield>
    <subfield code="b">BCEJYS</subfield>
    <subfield code="c">17</subfield>
    <subfield code="d">1984-07-01</subfield>
    <subfield code="h">A&#xF1;o I, N&#xBA; 3 - jul./oct. 1984</subfield>
    <subfield code="l">0</subfield>
    <subfield code="o">H657-051 TEM 3</subfield>
    <subfield code="p">R14334</subfield>
    <subfield code="r">2026-04-10 16:08:50</subfield>
    <subfield code="w">2026-04-10</subfield>
    <subfield code="y">RN</subfield>
  </datafield>
  <datafield tag="952" ind1=" " ind2=" ">
    <subfield code="0">0</subfield>
    <subfield code="1">0</subfield>
    <subfield code="4">0</subfield>
    <subfield code="7">0</subfield>
    <subfield code="a">BCEJYS</subfield>
    <subfield code="b">BCEJYS</subfield>
    <subfield code="c">17</subfield>
    <subfield code="d">1984-04-01</subfield>
    <subfield code="h">A&#xF1;o I, N&#xBA; 2 - abr./jun. 1984</subfield>
    <subfield code="l">0</subfield>
    <subfield code="o">H657-051 TEM 2</subfield>
    <subfield code="p">R14333</subfield>
    <subfield code="r">2026-04-10 16:08:50</subfield>
    <subfield code="w">2026-04-10</subfield>
    <subfield code="y">RN</subfield>
  </datafield>
  <datafield tag="952" ind1=" " ind2=" ">
    <subfield code="0">0</subfield>
    <subfield code="1">0</subfield>
    <subfield code="4">0</subfield>
    <subfield code="7">0</subfield>
    <subfield code="a">BCEJYS</subfield>
    <subfield code="b">BCEJYS</subfield>
    <subfield code="c">17</subfield>
    <subfield code="d">1984-01-01</subfield>
    <subfield code="h">A&#xF1;o I, N&#xBA; 1 - ene./mar. 1984</subfield>
    <subfield code="l">0</subfield>
    <subfield code="o">H657-051 TEM 1</subfield>
    <subfield code="p">R14332</subfield>
    <subfield code="r">2026-04-10 16:08:50</subfield>
    <subfield code="w">2026-04-10</subfield>
    <subfield code="y">RN</subfield>
  </datafield>
</record>
